It's Raining Men! Quiz Stats

 Plays Quiz Updated Jul 6, 2013

Challenge
Share
Tweet
Score 0/20 Timer 04:00
1 Play Today
% Correct
Leonardo DiCaprio
95.6%
Jim Carrey
91.3%
Matt Damon
90.4%
Bruce Willis
79.4%
Robert De Niro
79.2%
Hugh Jackman
72.8%
Channing Tatum
72.1%
Johnny Depp
69.6%
Clint Eastwood
69.3%
Kelsey Grammer
67.1%
% Correct
Humphrey Bogart
62.6%
Jake Gyllenhaal
59.1%
John Cusack
54.6%
Matthew Broderick
53.5%
Ryan Gosling
51.5%
Ewan McGregor
49.1%
Chris Hemsworth
49.1%
Jon Hamm
48.9%
Tim Robbins
47.8%
James Franco
41.3%

You're not logged in!

Compare scores with friends on all Sporcle quizzes.
OR
Log In

You Might Also Like...

Show Comments

Extras

Top Quizzes Today


Score Distribution

Your Account Isn't Verified!

In order to create a playlist on Sporcle, you need to verify the email address you used during registration. Go to your Sporcle Settings to finish the process.

Report this User

Report this user for behavior that violates our Community Guidelines.

Details: